=LDR 00000nam 2200000 4500 =001 000535 =005 20250711121103 =035 ##$$a 0010-0725000403 =007 ta =008 250711################a##########0#ind## =020 ##$$a 978-623-472-449-3 =082 ##$$a 398.209 598 =084 ##$$a 398.209 598 AUR p =100 #$$a Aurora Wang, Yunxuan Shen =245 1#$$a Perjalanan Panda /$c Aurora Wang dan Yunxuan Shen =250 ##$$a cetakan pertama =260 ##$$a Jakarta :$b badan pengembangan dan pembinaan bahasa,$c 2022 =300 ##$$a 398.209 598 : $b ilus. ; $c 22,9 cm$e 398.209 598 =650 #4$$a Cerita Anak Indonesia =856 ##$$a TBM As Suhada =990 ##$$a TBM02950295